|
|
|
|
| LEADER |
01069nam a2200265 a 4500 |
| 001 |
2489464 |
| 008 |
00114s1992 enka b 001 0 eng d |
| 010 |
|
|
|a 91050651
|
| 020 |
|
|
|a 0803984308
|
| 020 |
|
|
|a 0803984316 (pbk.)
|
| 040 |
|
|
|a DLC
|c DLC
|d DLC
|d BD-DhAAL
|
| 082 |
0 |
0 |
|a 302.2
|2 20
|
| 100 |
1 |
|
|a Windahl, Swen,
|d 1942-
|
| 245 |
1 |
0 |
|a Using communication theory :
|b an introduction to planned communication /
|c Sven Windahl and Benno H. Signitzer, with Jean T. Olson.
|
| 260 |
|
|
|a London ;
|a Newbury Park, Calif. :
|b Sage Publications,
|c 1992.
|
| 300 |
|
|
|a 248 p. :
|b ill. ;
|c 25 cm.
|
| 504 |
|
|
|a Includes bibliographical references (p. [223]-242) and index.
|
| 541 |
1 |
|
|e 00005176
|
| 650 |
|
0 |
|a Communication planning.
|
| 650 |
|
0 |
|a Mass media
|x Planning.
|
| 700 |
1 |
|
|a Signitzer, Benno.
|
| 700 |
1 |
|
|a Olson, Jean T.
|
| 852 |
4 |
|
|a Ayesha Abed Library
|j General Shelf.
|
| 999 |
|
|
|c 6993
|d 6993
|
| 952 |
|
|
|0 0
|1 0
|2 ddc
|4 0
|6 302_200000000000000_WIN_1992
|7 0
|9 7248
|a BRACUL
|b BRACUL
|c GEN
|d 2010-01-17
|g 0.00
|l 0
|o 302.2 WIN
|p 3010005176
|r 2010-01-17
|t 1
|w 2010-01-17
|y BK
|z Not price in Register
|